000 00504nam a22001817a 4500
999 _c19561
_d19561
003 AR-CdUCM
008 190518b ||||| |||| 00| 0 spa d
040 _aMUNICIPALIDAD PROVINCIAL DEL CUSCO
_cBIBLIOTECA MUNICIPAL DEL CUSCO
082 _a869356 /
_bC22
100 _aCamino Calderon, Carlos
_99048
245 _aMi molino /
260 _aLima :
_bEl Condor,
_c1947.
300 _a94 páginas ;
_c22 cm.
505 _aLiteratura.
650 _aLiteratura.
_983
942 _2ddc
_cLIBROS
945 _awfj